Tridsať európskych satelitov

Najväčší technologický projekt Európskej únie - vlastný systém navigácie Galileo, ktorý má byť v prevádzke od roku 2013. Hľadanie možností financovania. Boj o riadiace centrá. Nesúhlas USA. Konečná dohoda Európskej únie s USA. Satelitné navigačné systémy vo svete.

Enregistré dans:
Détails bibliographiques
Auteur principal: Pálková, Dana
Format: Chapitre de livre
Langue:slovaque
Sujets:
Tags: Ajouter un tag
Pas de tags, Soyez le premier à ajouter un tag!

MARC

LEADER 00000naa$a2200000$$$4500
001 0069887
005 20231108134656.1
041 0 |a slo 
044 |a SK 
245 1 0 |a Tridsať európskych satelitov  |c Dana Pálková 
520 |a Najväčší technologický projekt Európskej únie - vlastný systém navigácie Galileo, ktorý má byť v prevádzke od roku 2013. Hľadanie možností financovania. Boj o riadiace centrá. Nesúhlas USA. Konečná dohoda Európskej únie s USA. Satelitné navigačné systémy vo svete. 
610 2 0 |a riadenie 
610 2 0 |a technológie informačné 
610 2 0 |a technológie komunikačné 
610 2 0 |a technológie nové 
610 2 0 |a doprava 
610 2 0 |a spolupráca medzinárodná 
610 2 0 |a Európska únia 
610 2 0 |a USA 
100 1 |a Pálková, Dana